[Event "Verbandsliga Nordbaden 1819"]
[Site "Baden"]
[Date "2018.11.04"]
[Round "2.2"]
[White "Schwalfenberg, Joerg"]
[Black "Tschann, Stephan"]
[Result "1/2-1/2"]
[WhiteElo "2298"]
[BlackElo "2216"]
[PlyCount "45"]
[EventDate "2018.10.14"]
[EventType "team-tourn"]
[EventRounds "9"]
[EventCountry "GER"]
[SourceTitle "EXT 2020"]
[Source "ChessBase"]
[SourceDate "2019.10.17"]
[SourceVersion "1"]
[SourceVersionDate "2019.10.17"]
[SourceQuality "1"]
[WhiteTeam "Heidelberg"]
[BlackTeam "Ettlingen"]
[WhiteTeamCountry "GER"]
[BlackTeamCountry "GER"]

1. d4 Nf6 2. Nf3 d5 3. e3 c5 4. c4 cxd4 5. exd4 g6 6. Nc3 Bg7 7. Bg5 Ne4 8. cxd5 Nxg5 9. Nxg5 0-0 10. Nf3 Bg4 11. Be2 Qb6 12. Qd2 Na6 13. Rd1 Rad8 14. h3 Bf5 15. 0-0 Nc7 16. Bc4 Qb4 17. Bb3 Bc8 18. Rfe1 e6 19. dxe6 Nxe6 20. Nd5 Qd6 21. Ne5 b6 22. Nc6 Rd7 23. Ne5 1/2-1/2

[Event "Verbandsliga Nordbaden 1718"]
[Site "Baden"]
[Date "2017.11.05"]
[Round "2.2"]
[White "Schwalfenberg, Joerg"]
[Black "Hubel, Merten"]
[Result "1-0"]
[WhiteElo "2298"]
[BlackElo "2071"]
[PlyCount "63"]
[EventDate "2017.10.08"]
[EventType "team-tourn"]
[EventRounds "9"]
[EventCountry "GER"]
[SourceTitle "EXT 2019"]
[Source "ChessBase"]
[SourceDate "2018.10.10"]
[SourceVersion "1"]
[SourceVersionDate "2018.10.10"]
[SourceQuality "1"]
[WhiteTeam "Heidelberg"]
[BlackTeam "Birkenfeld"]
[WhiteTeamCountry "GER"]
[BlackTeamCountry "GER"]

1. Nf3 d5 2. b3 Nf6 3. Bb2 Bf5 4. e3 e6 5. Be2 Be7 6. Nh4 h5 7. Nxf5 exf5 8. d3 Nc6 9. Nd2 h4 10. Nf3 Qd7 11. Qd2 0-0-0 12. h3 Kb8 13. 0-0-0 Bb4 14. c3 Bd6 15. c4 Rh6 16. Kb1 dxc4 17. bxc4 Qe7 18. Nd4 Nxd4 19. exd4 Ba3 20. Ka1 Nd7 21. Rb1 Bxb2+ 22. Rxb2 c5 23. Bf3 Rb6 24. Qf4+ Ka8 25. Qc7 Rxb2 26. Kxb2 Rb8 27. Kc2 Qe8 28. Rb1 Nb6 29. dxc5 Qa4+ 30. Rb3 Qxa2+ 31. Rb2 Qa4+ 32. Kb1 1-0

[Event "Verbandsliga Nordbaden 1617"]
[Site "Baden"]
[Date "2017.02.12"]
[Round "6.1"]
[White "Schwalfenberg, Joerg"]
[Black "Wagner, Dennis"]
[Result "0-1"]
[WhiteElo "2298"]
[BlackElo "2543"]
[PlyCount "88"]
[EventDate "2016.10.09"]
[EventType "team-tourn"]
[EventRounds "9"]
[EventCountry "GER"]
[SourceTitle "EXT 2022"]
[Source "ChessBase"]
[SourceDate "2021.10.06"]
[SourceVersion "1"]
[SourceVersionDate "2021.10.06"]
[SourceQuality "1"]
[WhiteTeam "Heidelberg"]
[BlackTeam "Hockenheim II"]
[WhiteTeamCountry "GER"]
[BlackTeamCountry "GER"]

1. d4 Nf6 2. Nf3 d5 3. g3 c5 4. Bg2 cxd4 5. 0-0 h6 6. Qxd4 Nc6 7. Qa4 Bd7 8. c3 e5 9. Qb3 Qc7 10. h3 Bc5 11. e3 0-0 12. Nbd2 Rfe8 13. Qc2 Rac8 14. Nb3 Bd6 15. Rd1 Be6 16. Qe2 Qb6 17. Nbd2 Bf5 18. Ne1 e4 19. Nb3 Ne5 20. Nd4 Bd7 21. Bd2 h5 22. b3 Bb8 23. f4 exf3 24. Nexf3 Ne4 25. Nxe5 Rxe5 26. Bxe4 dxe4 27. Qg2 Rg5 28. Be1 Rxc3 29. Qxe4 Re5 30. Qh4 Rexe3 31. Bxc3 Rxg3+ 32. Kf2 Rxc3 33. Rac1 Rxh3 34. Qe7 Rh2+ 35. Ke3 Qh6+ 36. Kd3 Qg6+ 37. Kc3 Qg3+ 38. Kc4 Qc7+ 39. Kb4 Qb6+ 40. Kc4 Qc7+ 41. Qc5 Qf4 42. Rf1 b5+ 43. Kb4 Qd2+ 44. Rc3 Rh4 0-1

[Event "Oberliga Baden 1516"]
[Site "Baden"]
[Date "2015.09.20"]
[Round "1.2"]
[White "Schwalfenberg, Joerg"]
[Black "Gschnitzer, Oswald"]
[Result "1/2-1/2"]
[WhiteElo "2308"]
[BlackElo "2383"]
[PlyCount "60"]
[EventDate "2015.09.20"]
[EventType "team-tourn"]
[EventRounds "9"]
[EventCountry "GER"]
[SourceTitle "EXT 2018"]
[Source "ChessBase"]
[SourceDate "2017.10.13"]
[SourceVersion "1"]
[SourceVersionDate "2017.10.13"]
[SourceQuality "1"]
[WhiteTeam "Handschuhsheim"]
[BlackTeam "Walldorf"]
[WhiteTeamCountry "GER"]
[BlackTeamCountry "GER"]

1. d4 Nf6 2. Nf3 c5 3. e3 g6 4. c4 Bg7 5. Nc3 0-0 6. Be2 cxd4 7. Nxd4 Nc6 8. 0-0 b6 9. Bf3 Bb7 10. b3 Rc8 11. Bb2 d6 12. Ncb5 Qd7 13. Nxc6 Bxc6 14. Bxc6 Rxc6 15. Qf3 a6 16. Nc3 Rfc8 17. Nd5 Nxd5 18. Bxg7 Kxg7 19. Qxd5 Rc5 20. Qd4+ e5 21. Qd3 b5 22. cxb5 Rc3 23. Qd2 Rc2 24. Qb4 axb5 25. a4 bxa4 26. bxa4 R8c4 27. Qb6 Rxa4 28. Rxa4 Qxa4 29. Qxd6 Qe4 30. Qe7 Rb2 1/2-1/2

[Event "Verbandsliga Nord Baden 1314"]
[Site "Germany"]
[Date "2014.04.13"]
[Round "9.1"]
[White "Hauke, Christian"]
[Black "Schwalfenberg, Joerg"]
[Result "1/2-1/2"]
[WhiteElo "2199"]
[BlackElo "2297"]
[PlyCount "69"]
[EventDate "2013.10.20"]
[EventType "team-tourn"]
[EventRounds "9"]
[EventCountry "GER"]
[SourceTitle "EXT 2015"]
[Source "ChessBase"]
[SourceDate "2014.11.20"]
[SourceVersion "1"]
[SourceVersionDate "2014.11.20"]
[SourceQuality "1"]
[WhiteTeam "Bad Mergentheim II"]
[BlackTeam "Heidelberg"]
[WhiteTeamCountry "GER"]
[BlackTeamCountry "GER"]

1. d4 d5 2. Bg5 c6 3. Nc3 h6 4. Bh4 Qb6 5. Rb1 Bf5 6. e3 Nd7 7. Nf3 Ngf6 8. Bd3 e6 9. Bxf5 exf5 10. Ne5 Nxe5 11. dxe5 Ne4 12. 0-0 Qb4 13. Nxe4 Qxe4 14. Bg3 Bc5 15. Kh1 Bb6 16. Re1 Qg4 17. f3 Qg6 18. c3 0-0 19. Qc2 Rfe8 20. c4 dxc4 21. Qxc4 Rad8 22. Qc3 Qe6 23. a3 Bc7 24. f4 Qd5 25. Qc2 Qe4 26. Qxe4 fxe4 27. Rbd1 Bb6 28. Bf2 g5 29. g3 Kg7 30. Kg2 g4 31. h3 h5 32. hxg4 hxg4 33. Rh1 Kg6 34. Rxd8 Rxd8 35. Rh4 1/2-1/2

[Event "Verbandsliga Nord Baden 1213"]
[Site "Baden"]
[Date "2013.03.03"]
[Round "7.1"]
[White "Noe, Christopher"]
[Black "Schwalfenberg, Joerg"]
[Result "1/2-1/2"]
[WhiteElo "2227"]
[BlackElo "2345"]
[PlyCount "66"]
[EventDate "2012.10.21"]
[EventType "team-tourn"]
[EventRounds "9"]
[EventCountry "GER"]
[SourceTitle "EXT 2014"]
[Source "ChessBase"]
[SourceDate "2013.11.20"]
[SourceVersion "1"]
[SourceVersionDate "2013.11.20"]
[SourceQuality "1"]
[WhiteTeam "Eppingen II"]
[BlackTeam "Heidelberg"]
[WhiteTeamCountry "GER"]
[BlackTeamCountry "GER"]

1. e4 c6 2. Nf3 d5 3. Nc3 Bg4 4. h3 Bxf3 5. Qxf3 e6 6. d3 Nf6 7. Bd2 Nbd7 8. g4 h6 9. Bg2 Bc5 10. Qg3 dxe4 11. dxe4 e5 12. 0-0-0 Qe7 13. h4 0-0-0 14. g5 hxg5 15. hxg5 Nh5 16. Qf3 g6 17. Bh3 Kc7 18. Bg4 Nb6 19. Bxh5 gxh5 20. Kb1 Nc4 21. Bc1 Rxd1 22. Nxd1 h4 23. Nc3 Qe6 24. Ne2 Nd6 25. Ng3 Bxf2 26. Nf5 Nxf5 27. exf5 Qd5 28. Qh3 Bg3 29. Rf1 Qe4 30. g6 fxg6 31. f6 Qc4 32. b3 Qf7 33. Qg4 b6 1/2-1/2

[Event "Bundesliga 0910"]
[Site "Germany"]
[Date "2010.02.28"]
[Round "11.7"]
[White "Schwalfenberg, Joerg"]
[Black "Roiz, Michael"]
[Result "0-1"]
[WhiteElo "2317"]
[BlackElo "2658"]
[PlyCount "54"]
[EventDate "2009.10.16"]
[EventType "team-tourn"]
[EventRounds "15"]
[EventCountry "GER"]
[SourceTitle "EXT 2011"]
[Source "ChessBase"]
[SourceDate "2010.11.26"]
[SourceVersion "1"]
[SourceVersionDate "2010.11.26"]
[SourceQuality "1"]
[WhiteTeam "Handschuhsheim"]
[BlackTeam "Werder Bremen"]
[WhiteTeamCountry "GER"]
[BlackTeamCountry "GER"]

1. d4 Nf6 2. Nf3 g6 3. c4 Bg7 4. Nc3 0-0 5. g3 d5 6. Qb3 dxc4 7. Qxc4 Nfd7 8. Bf4 Nc6 9. Rd1 Nb6 10. Qc5 Bg4 11. d5 Nd7 12. Qe3 Nb4 13. Rd2 c6 14. dxc6 Nxc6 15. Bg2 Qa5 16. Bh6 Bxf3 17. Bxf3 Nde5 18. Rd5 Bxh6 19. Qxh6 Qb4 20. Rd2 Nxf3+ 21. exf3 Rad8 22. 0-0 Nd4 23. a3 Qc4 24. Rdd1 Nxf3+ 25. Kg2 Qc6 26. Kh3 f6 27. Kg4 Ng5 0-1

[Event "Bundesliga 0910"]
[Site "Germany"]
[Date "2010.02.06"]
[Round "8.6"]
[White "Fruebing, Stefan"]
[Black "Schwalfenberg, Joerg"]
[Result "1/2-1/2"]
[WhiteElo "2337"]
[BlackElo "2317"]
[PlyCount "56"]
[EventDate "2009.10.16"]
[EventType "team-tourn"]
[EventRounds "15"]
[EventCountry "GER"]
[SourceTitle "CBM 134 Extra"]
[Source "ChessBase"]
[SourceDate "2010.03.03"]
[SourceVersion "1"]
[SourceVersionDate "2010.03.03"]
[SourceQuality "1"]
[WhiteTeam "Koenig Tegel"]
[BlackTeam "Handschuhsheim"]
[WhiteTeamCountry "GER"]
[BlackTeamCountry "GER"]

1. e4 c6 2. d4 d5 3. e5 Bf5 4. Nf3 e6 5. a3 Nd7 6. Nbd2 Bg6 7. Be2 Nh6 8. c4 Be7 9. b3 Nf5 10. Bb2 0-0 11. 0-0 f6 12. exf6 Bxf6 13. Ne5 Nxd4 14. Nxg6 hxg6 15. Bxd4 Bxd4 16. Ra2 Bb6 17. Bg4 Qf6 18. cxd5 cxd5 19. Nc4 Bc7 20. Re1 Nc5 21. Ne3 Rad8 22. Nf1 Bb6 23. Ng3 e5 24. Rf1 e4 25. Kh1 Nd3 26. f3 Qd4 27. Rd2 Rde8 28. Bd7 Rd8 1/2-1/2

[Event "FRA-chT2 0910"]
[Site "France"]
[Date "2009.12.13"]
[Round "6.1"]
[White "Schwalfenberg, Joerg"]
[Black "Serafimov, Tervel"]
[Result "1/2-1/2"]
[WhiteElo "2329"]
[BlackElo "2415"]
[PlyCount "27"]
[EventDate "2009.09.27"]
[EventType "team-tourn"]
[EventRounds "11"]
[EventCountry "FRA"]
[SourceTitle "EXT 2011"]
[Source "ChessBase"]
[SourceDate "2010.11.26"]
[SourceVersion "1"]
[SourceVersionDate "2010.11.26"]
[SourceQuality "1"]

1. d4 d5 2. Nf3 Nf6 3. c4 e6 4. e3 Be7 5. Nc3 0-0 6. Bd3 b6 7. 0-0 Bb7 8. Qc2 c5 9. dxc5 bxc5 10. Rd1 Nbd7 11. Be2 a6 12. b3 dxc4 13. bxc4 Qc7 14. h3 1/2-1/2

[Event "Bundesliga 0910"]
[Site "Germany"]
[Date "2009.10.18"]
[Round "2.6"]
[White "Schwalfenberg, Joerg"]
[Black "Ragger, Markus"]
[Result "1/2-1/2"]
[WhiteElo "2317"]
[BlackElo "2561"]
[PlyCount "118"]
[EventDate "2009.10.16"]
[EventType "team-tourn"]
[EventRounds "15"]
[EventCountry "GER"]
[SourceTitle "CBM 132 Extra"]
[Source "ChessBase"]
[SourceDate "2009.11.03"]
[SourceVersion "1"]
[SourceVersionDate "2009.11.03"]
[SourceQuality "1"]
[WhiteTeam "Handschuhsheim"]
[BlackTeam "Solingen"]
[WhiteTeamCountry "GER"]
[BlackTeamCountry "GER"]

1. c4 e6 2. Nf3 d5 3. e3 Nf6 4. b3 c5 5. Bb2 Nc6 6. d3 Be7 7. Be2 0-0 8. a3 b6 9. 0-0 Bb7 10. Nbd2 Qc7 11. cxd5 exd5 12. Rc1 Rad8 13. Rc2 Qd7 14. d4 Rfe8 15. Ne5 Qc7 16. Bb5 Nxe5 17. dxe5 Nd7 18. Qg4 Bf8 19. f4 Qc8 20. Qe2 Re7 21. Nf3 Nb8 22. Nd4 Rc7 23. Rfc1 Ba6 24. Qf3 Bxb5 25. Nxb5 Rb7 26. Rd2 Rbd7 27. f5 Nc6 28. Qg3 a6 29. Nd6 Rxd6 30. exd6 Qxf5 31. Rf1 Qe4 32. Rdf2 Rd7 33. Qh3 Qe8 34. Qg3 d4 35. exd4 Nxd4 36. Bxd4 cxd4 37. Qd3 Bxd6 38. Re2 Qb8 39. g3 Bxa3 40. Qxa6 d3 41. Rd2 Bc5+ 42. Kg2 Qe8 43. Rf3 g5 44. Qa4 Qe6 45. Qc4 Qxc4 46. bxc4 Rd4 47. Rfxd3 Rxc4 48. h3 Kg7 49. Rd7 h5 50. Rc7 Kg6 51. Rf2 f6 52. Rc6 Bxf2 53. Rxc4 Bc5 54. Re4 f5 55. Re6+ Kg7 56. Kf3 Bd4 57. Rd6 Bc5 58. Re6 Bd4 59. Rd6 Bc5 1/2-1/2

[Event "FRA-chT2 0910"]
[Site "France"]
[Date "2009.10.04"]
[Round "1.1"]
[White "Shchekachev, Andrei"]
[Black "Schwalfenberg, Joerg"]
[Result "0-1"]
[WhiteElo "2539"]
[BlackElo "2317"]
[PlyCount "70"]
[EventDate "2009.09.27"]
[EventType "team-tourn"]
[EventRounds "11"]
[EventCountry "FRA"]
[SourceTitle "EXT 2011"]
[Source "ChessBase"]
[SourceDate "2010.11.26"]
[SourceVersion "1"]
[SourceVersionDate "2010.11.26"]
[SourceQuality "1"]

1. Nf3 d5 2. d4 Nf6 3. c4 c6 4. Nc3 g6 5. cxd5 cxd5 6. Bf4 Nc6 7. h3 Bg7 8. e3 0-0 9. Bd3 a6 10. Rc1 Bd7 11. 0-0 e6 12. a3 Qa5 13. Qb3 b5 14. Rc2 Rfc8 15. Rfc1 Qd8 16. Qa2 Bf8 17. Nb1 Qa5 18. Nc3 b4 19. Nb1 bxa3 20. bxa3 Nb4 21. Rxc8 Nxa2 22. Rxa8 Nxc1 23. Rxa6 Qd8 24. Bf1 Qc8 25. Nbd2 Bc6 26. Ra7 Bb7 27. Ne5 Ne8 28. Ndf3 f6 29. Ng4 g5 30. Bb5 gxf4 31. Bxe8 Bg7 32. Bb5 h5 33. Ngh2 fxe3 34. fxe3 Qb8 35. Ra4 Bf8 0-1

[Event "BL2-Sued 0809"]
[Site "Germany"]
[Date "2008.12.14"]
[Round "4.5"]
[White "Meier, Volker"]
[Black "Schwalfenberg, Joerg"]
[Result "1/2-1/2"]
[WhiteElo "2300"]
[BlackElo "2305"]
[PlyCount "103"]
[EventDate "2008.10.05"]
[EventType "team-tourn"]
[EventRounds "9"]
[EventCountry "GER"]
[SourceTitle "CBM 129 Extra"]
[Source "ChessBase"]
[SourceDate "2009.05.05"]
[SourceVersion "2"]
[SourceVersionDate "2009.05.20"]
[SourceQuality "1"]
[WhiteTeam "Muenchen Tarrasch"]
[BlackTeam "Heidelberg Handschuhsheim"]
[WhiteTeamCountry "GER"]
[BlackTeamCountry "GER"]

1. e4 c6 2. d4 d5 3. e5 Bf5 4. Nf3 e6 5. Be2 c5 6. Be3 Nc6 7. dxc5 Bg4 8. Nbd2 Nge7 9. c3 Ng6 10. Qa4 Bxf3 11. Nxf3 Be7 12. Bb5 0-0 13. Bxc6 bxc6 14. 0-0 Qb8 15. Bd4 Qc7 16. Rfe1 Rfb8 17. c4 a5 18. cxd5 cxd5 19. a3 Bf8 20. Rac1 Ne7 21. c6 Ra6 22. b4 Rxc6 23. Rxc6 Qxc6 24. Qxa5 Ra8 25. Qc5 Rxa3 26. Rb1 Qa4 27. Qc1 Rb3 28. Bc5 Rxb1 29. Qxb1 Nc6 30. Bxf8 Kxf8 31. b5 Qb4 32. Qd3 Nxe5 33. Nxe5 Qe1+ 34. Qf1 Qxe5 35. Qb1 Qc7 36. b6 Qb7 37. Qb4+ Ke8 38. Qd6 Qc8 39. h4 h6 40. g3 g6 41. Kg2 Qb7 42. Kf3 Qc8 43. Kg2 Qb7 44. Kg1 Qc8 45. Qa3 Kd7 46. Qa7+ Kc6 47. Qxf7 Kxb6 48. Qxg6 Qc1+ 49. Kg2 Qe1 50. Qxh6 d4 51. Qg6 Qe2 52. Qb1+ 1/2-1/2

[Event "FRA-chT2 East 0809"]
[Site "France"]
[Date "2008.10.19"]
[Round "1.3"]
[White "Schwalfenberg, Joerg"]
[Black "Letzelter, Jean Claude"]
[Result "1-0"]
[WhiteElo "2308"]
[BlackElo "2155"]
[PlyCount "41"]
[EventDate "2008.10.19"]
[EventType "tourn"]
[EventRounds "11"]
[EventCountry "FRA"]
[SourceTitle "EXT 2010"]
[Source "ChessBase"]
[SourceDate "2010.11.25"]
[SourceVersion "1"]
[SourceVersionDate "2010.11.25"]
[SourceQuality "1"]
[WhiteTeam "Gambsheim"]
[BlackTeam "Strasbourg II"]
[WhiteTeamCountry "FRA"]
[BlackTeamCountry "FRA"]

1. d4 d5 2. c4 e6 3. Nf3 Be7 4. Nc3 Nf6 5. g3 0-0 6. Bg2 c5 7. cxd5 Nxd5 8. 0-0 Nxc3 9. bxc3 Qa5 10. Qb3 Nc6 11. Rd1 Rd8 12. Bf4 Qa6 13. e3 cxd4 14. cxd4 Na5 15. Qc3 b5 16. Bc7 Nc4 17. Bxd8 Bxd8 18. a4 Ba5 19. Qc2 b4 20. Bf1 Qb7 21. Qxc4 1-0